000 00881nam a2200265Ia 4500
003 OSt
005 20220923215435.0
006 a|||||r|||| 00| 0
007 ta
008 220922b |||||||| |||| 00| 0 hin d
024 _a178,737
037 _cTextual
040 _aARTS
_cARTS
_bhin
041 _2hin
_ahin
082 _aO152,1M89:g, J6
100 _aव्यास, विनोशंकर
245 0 _aप्रसाद और उनका साहित्य
246 _aPrasād aur unakā sāhitya
250 _aसंस्क0 3
260 _aबनारस
_b हिन्दी साहित्य कुटीर
_c1949
300 _a207पृ.
_ccm.
650 _aहिन्दी साहित्य
_9156264
942 _hO152,1M89:g, J6
_cTEXL
_2CC
999 _c332118
_d332118